An advanced history of India (Record no. 5102)
[ view plain ]
| 000 -LEADER | |
|---|---|
| fixed length control field | 00440 a2200157 4500 |
| 020 ## - INTERNATIONAL STANDARD BOOK NUMBER | |
| International Standard Book Number | 0333902980 |
| 040 ## - CATALOGING SOURCE | |
| Original cataloging agency | DLC |
| Language of cataloging | DLC |
| 082 ## - DEWEY DECIMAL CLASSIFICATION NUMBER | |
| Classification number | 954 |
| 100 ## - MAIN ENTRY--PERSONAL NAME | |
| Personal name | Majumdar, R. C. |
| 245 ## - TITLE STATEMENT | |
| Title | An advanced history of India |
| Statement of responsibility, etc. | R. C, Majumdar. |
| 260 ## - PUBLICATION, DISTRIBUTION, ETC. | |
| Place of publication, distribution, etc. | New Delhi : |
| Name of publisher, distributor, etc. | Macmillan India, |
| Date of publication, distribution, etc. | 2004. |
| 300 ## - PHYSICAL DESCRIPTION | |
| Extent | xi, 1147 p. : |
| Other physical details | ill. ; |
| Dimensions | 22 cm. |
| 500 ## - GENERAL NOTE | |
| General note | Includes Index |
| 650 ## - SUBJECT ADDED ENTRY--TOPICAL TERM | |
| Topical term or geographic name entry element | 1.H. C. Raychaudhuri.2.Kalikinkar Datta. |
| 942 ## - ADDED ENTRY ELEMENTS (KOHA) | |
| Koha item type | Book |
| Call number prefix | 954 MAJ |
| Source of classification or shelving scheme | |
| Withdrawn status | Lost status | Damaged status | Not for loan | Collection code | Permanent Location | Current Location | Shelving location | Date acquired | Source of acquisition | Cost, normal purchase price | Total Checkouts | Total Renewals | Full call number | Barcode | Date last seen | Date last checked out | Price effective from | Koha item type |
|---|---|---|---|---|---|---|---|---|---|---|---|---|---|---|---|---|---|---|
| Central Library (CL) | Central Library (CL) | Fiction | 05/07/2008 | Donation | 0.00 | 3 | 1 | 954 MAJ | SEECS009106 | 11/15/2023 | 12/09/2021 | 01/05/2017 | Book | |||||
| Central Library (CL) | Central Library (CL) | Fiction | 05/07/2008 | Donation | 0.00 | 3 | 5 | 954 MAJ | SEECS009107 | 12/23/2025 | 10/13/2023 | 01/05/2017 | Book |
